[Event "Villarobledo Online Qualifyer"]
[Site "playchess.com #155672"]
[Date "2009.05.23"]
[Round "13"]
[White "Tomik Trhal"]
[Black "Steflenicois"]
[Result "1/2-1/2"]
[WhiteElo "2211"]
[BlackElo "2402"]
[PlyCount "214"]
[EventDate "2009.05.23"]
[EventType "swiss (blitz)"]

1. e4 {[%emt 0:00:02]} e6 {[%emt 0:00:02]} 2. d4 {[%emt 0:00:09]} d5 {[%emt 0:
00:02]} 3. e5 {[%emt 0:00:02]} c5 {[%emt 0:00:01]} 4. c3 {[%emt 0:00:01]} Qb6 {
[%emt 0:00:01]} 5. Nf3 {[%emt 0:00:01]} Bd7 {[%emt 0:00:01]} 6. Be2 {[%emt 0:
00:04]} Bb5 {[%emt 0:00:01]} 7. O-O {[%emt 0:00:02]} Bxe2 {[%emt 0:00:01]} 8.
Qxe2 {[%emt 0:00:01]} cxd4 {[%emt 0:00:00]} 9. cxd4 {[%emt 0:00:01]} Nc6 {
[%emt 0:00:01]} 10. Nc3 {[%emt 0:00:05]} Nge7 {[%emt 0:00:01]} 11. Be3 {[%emt
0:00:02]} Nf5 {[%emt 0:00:01]} 12. Rfc1 {[%emt 0:00:05]} Be7 {[%emt 0:00:01]}
13. Na4 {[%emt 0:00:02]} Qc7 {[%emt 0:00:02]} 14. Nc5 {[%emt 0:00:01]} Bxc5 {
[%emt 0:00:03]} 15. Rxc5 {[%emt 0:00:01]} O-O {[%emt 0:00:02]} 16. Rac1 {[%emt
0:00:01]} Rac8 {[%emt 0:00:02]} 17. b4 {[%emt 0:00:12]} a6 {[%emt 0:00:01]} 18.
a4 {[%emt 0:00:02]} Qd7 {[%emt 0:00:05]} 19. b5 {[%emt 0:00:02]} axb5 {[%emt 0:
00:00]} 20. axb5 {[%emt 0:00:02]} Nce7 {[%emt 0:00:04]} 21. g4 {[%emt 0:00:18]}
Nxe3 {[%emt 0:00:01]} 22. fxe3 {[%emt 0:00:04]} b6 {[%emt 0:00:24]} 23. Rxc8 {
[%emt 0:00:18]} Rxc8 {[%emt 0:00:00]} 24. Rxc8+ {[%emt 0:00:02]} Qxc8 {[%emt 0:
00:01]} 25. Qd3 {[%emt 0:00:03]} Qc1+ {[%emt 0:00:02]} 26. Kg2 {[%emt 0:00:03]}
Ng6 {[%emt 0:00:05]} 27. h4 {[%emt 0:00:05]} Qb2+ {[%emt 0:00:07]} 28. Kg3 {
[%emt 0:00:03]} h6 {[%emt 0:00:05]} 29. h5 {[%emt 0:00:06]} Nf8 {[%emt 0:00:09]
} 30. g5 {[%emt 0:00:08]} Qb4 {[%emt 0:00:18]} 31. gxh6 {[%emt 0:00:04]} gxh6 {
[%emt 0:00:00]} 32. Nh2 {[%emt 0:00:11]} Kg7 {[%emt 0:00:02]} 33. Ng4 {[%emt 0:
00:01]} Nh7 {[%emt 0:00:05]} 34. Qf1 {[%emt 0:00:11]} Qe7 {[%emt 0:00:01]} 35.
Qf4 {[%emt 0:00:08]} Qg5 {[%emt 0:00:04]} 36. Qxg5+ {[%emt 0:00:29]} Nxg5 {
[%emt 0:00:00]} 37. Nf2 {[%emt 0:00:01]} f6 {[%emt 0:00:07]} 38. exf6+ {[%emt
0:00:03]} Kxf6 {[%emt 0:00:00]} 39. Nd3 {[%emt 0:00:01]} Ne4+ {[%emt 0:00:03]}
40. Kf4 {[%emt 0:00:12]} Nd6 {[%emt 0:00:06]} 41. Nb2 {[%emt 0:00:03]} Nxb5 {
[%emt 0:00:31]} 42. Na4 {[%emt 0:00:01]} Nd6 {[%emt 0:00:01]} 43. Nxb6 {[%emt
0:00:02]} Nf5 {[%emt 0:00:00]} 44. Nd7+ {[%emt 0:00:06]} Ke7 {[%emt 0:00:01]}
45. Ne5 {[%emt 0:00:01]} Kf6 {[%emt 0:00:00]} 46. Ng4+ {[%emt 0:00:03]} Ke7 {
[%emt 0:00:12]} 47. Ke5 {[%emt 0:00:09]} Kf7 {[%emt 0:00:27]} 48. Kf4 {[%emt 0:
00:06]} Ke7 {[%emt 0:00:05]} 49. Ke5 {[%emt 0:00:15]} Ng3 {[%emt 0:00:01]} 50.
Nxh6 {[%emt 0:00:06]} Nxh5 {[%emt 0:00:01]} 51. Ng4 {[%emt 0:00:05]} Ng3 {
[%emt 0:00:08]} 52. Kf4 {[%emt 0:00:02]} Ne4 {[%emt 0:00:07]} 53. Ne5 {[%emt 0:
00:02]} Nd6 {[%emt 0:00:06]} 54. Nf3 {[%emt 0:00:03] Tomik Trhal offers a draw}
Kf6 {[%emt 0:00:01]} 55. Ne5 {[%emt 0:00:02]} Nb5 {[%emt 0:00:17] '} 56. Nd7+ {
[%emt 0:00:01]} Ke7 {[%emt 0:00:02]} 57. Ne5 {[%emt 0:00:01]} Kd6 {[%emt 0:00:
01]} 58. Ng6 {[%emt 0:00:01]} Nc3 {[%emt 0:00:03]} 59. Ne5 {[%emt 0:00:02]} Nd1
{[%emt 0:00:06]} 60. Ng6 {[%emt 0:00:01]} Nf2 {[%emt 0:00:01]} 61. Ne5 {[%emt
0:00:02]} Ke7 {[%emt 0:00:01]} 62. Kf3 {[%emt 0:00:01]} Ne4 {[%emt 0:00:03]}
63. Kf4 {[%emt 0:00:01] Tomik Trhal offers a draw} Nf6 {[%emt 0:00:04]} 64. Kf3
{[%emt 0:00:02]} Ne8 {[%emt 0:00:13]} 65. Kf4 {[%emt 0:00:01]} Kf6 {[%emt 0:00:
00]} 66. Ng4+ {[%emt 0:00:01]} Ke7 {[%emt 0:00:02]} 67. Ne5 {[%emt 0:00:00]}
Ng7 {[%emt 0:00:01]} 68. Ng6+ {[%emt 0:00:02]} Kf6 {[%emt 0:00:01]} 69. Ne5 {
[%emt 0:00:00]} Nf5 {[%emt 0:00:01]} 70. Ng4+ {[%emt 0:00:02]} Ke7 {[%emt 0:00:
03]} 71. Ne5 {[%emt 0:00:01]} Nh4 {[%emt 0:00:02]} 72. Ng4 {[%emt 0:00:05]}
Ng6+ {[%emt 0:00:02]} 73. Kf3 {[%emt 0:00:06]} Kd6 {[%emt 0:00:01]} 74. Nf6 {
[%emt 0:00:03]} Ne7 {[%emt 0:00:05]} 75. Ng4 {[%emt 0:00:02]} Ng6 {[%emt 0:00:
05]} 76. Nf6 {[%emt 0:00:02]} Ke7 {[%emt 0:00:00]} 77. Ng4 {[%emt 0:00:01]} Kf7
{[%emt 0:00:00]} 78. Nh6+ {[%emt 0:00:02]} Kf6 {[%emt 0:00:01]} 79. Ng4+ {
[%emt 0:00:01]} Kf5 {[%emt 0:00:00]} 80. Nh6+ {[%emt 0:00:01]} Kg5 {[%emt 0:00:
01]} 81. Nf7+ {[%emt 0:00:03]} Kf6 {[%emt 0:00:04]} 82. Nh6 {[%emt 0:00:02]}
Nf8 {[%emt 0:00:05]} 83. e4 {[%emt 0:00:03]} Kg5 {[%emt 0:00:07]} 84. exd5 {
[%emt 0:00:10]} exd5 {[%emt 0:00:00]} 85. Nf7+ {[%emt 0:00:01]} Kf5 {[%emt 0:
00:05]} 86. Ne5 {[%emt 0:00:01]} Ne6 {[%emt 0:00:01]} 87. Ke3 {[%emt 0:00:01]}
Nf4 {[%emt 0:00:03]} 88. Nd7 {[%emt 0:00:02]} Ng2+ {[%emt 0:00:02]} 89. Kd3 {
[%emt 0:00:01]} Ke6 {[%emt 0:00:03]} 90. Nb6 {[%emt 0:00:01]} Nf4+ {[%emt 0:00:
02]} 91. Kc3 {[%emt 0:00:02]} Kd6 {[%emt 0:00:02]} 92. Nxd5 {[%emt 0:00:00]}
Kxd5 {[%emt 0:00:01]} 93. Kd2 {[%emt 0:00:01]} Ne6 {[%emt 0:00:00]} 94. Ke2 {
[%emt 0:00:01]} Nf8 {[%emt 0:00:00]} 95. Kf2 {[%emt 0:00:01]} Nh7 {[%emt 0:00:
00]} 96. Ke2 {[%emt 0:00:01]} Ng5 {[%emt 0:00:00]} 97. Kf2 {[%emt 0:00:01]} Nf7
{[%emt 0:00:00]} 98. Ke2 {[%emt 0:00:01]} Nd6 {[%emt 0:00:01]} 99. Kf2 {[%emt
0:00:00]} Nb7 {[%emt 0:00:02]} 100. Ke2 {[%emt 0:00:01]} Ke4 {[%emt 0:00:00]}
101. Kf2 {[%emt 0:00:01]} Nd6 {[%emt 0:00:00] Tomik Trhal offers a draw} 102.
Ke2 {[%emt 0:00:02]} Kf4 {[%emt 0:00:01]} 103. Kf2 {[%emt 0:00:01]} Kg4 {[%emt
0:00:01]} 104. Ke2 {[%emt 0:00:02]} Kf5 {[%emt 0:00:00]} 105. d5 {[%emt 0:00:
01]} Ke5 {[%emt 0:00:01]} 106. Kf2 {[%emt 0:00:01]} Nf5 {[%emt 0:00:01]} 107.
Ke2 {[%emt 0:00:01]} Kd6 {[%emt 0:00:01] Arbiter Decision (Adjudicated by
Martin_Fischer, )} 1/2-1/2